000
00296nam a22001217a 4500
008
181003b xxu||||| |||| 00| 0 eng d
041
_a
eng
080
_a
101
100
_a
24
101
_a
FIL
245
_a
Priestley's writings on philosphy science and politics
_c
Passmore,J.A
942
_2
udc
_c
BK
999
_c
48824
_d
48824